[Event "Proclient Cup"]
[Site "Olomouc CZE"]
[Date "2004.07.12"]
[Round "11"]
[White "Negi,P"]
[Black "Tupy,M"]
[Result "1/2-1/2"]
[WhiteElo "2273"]
[BlackElo "2322"]

1.e4 c5 2.Nf3 d6 3.d4 cxd4 4.Nxd4 Nf6 5.Nc3 g6 6.Be3 Bg7 7.f3 O-O 8.Qd2 Nc6
9.Bc4 Bd7 10.O-O-O Rc8 11.Bb3 Ne5 12.Kb1 Nc4 13.Bxc4 Rxc4 14.g4 b5 15.b3 Rc7
16.Ncxb5 Rb7 17.c4 Qb8 18.Bh6 Bxh6 19.Qxh6 d5 20.exd5 Nxd5 21.cxd5 Bxb5 22.h4 Qe5
23.h5 g5 24.Rhe1 Bd3+ 25.Nc2 Qxd5 26.Rxd3 Qxd3 27.Qxg5+ Kh8 28.Rxe7 Rxe7
29.Qf6+ Kg8 30.Qg5+ Kh8  1/2-1/2

[Event "MTO"]
[Site "Biel SUI"]
[Date "2004.07.19"]
[Round "1"]
[White "Negi,P"]
[Black "Avrukh,B"]
[Result "0-1"]
[WhiteElo "2273"]
[BlackElo "2600"]

1.e4 c5 2.Nf3 Nc6 3.d4 cxd4 4.Nxd4 Nf6 5.Nc3 d6 6.Bc4 e6 7.Be3 Be7 8.Bb3 O-O
9.O-O Bd7 10.a4 Na5 11.Ba2 a6 12.h3 Rc8 13.Qd3 Qc7 14.Rad1 Nc4 15.Bc1 Qc5
16.Kh1 b5 17.axb5 axb5 18.f4 b4 19.Nce2 Bd8 20.Ng3 Bb6 21.c3 bxc3 22.Qxc3 Rfd8
23.Qxc4 Qxc4 24.Bxc4 Rxc4 25.Be3 Rb8 26.Rd3 h5 27.h4 g6 28.Rb3 Ba4 29.Rd3 Rb4
30.Ra1 Nd7 31.b3 Nc5 32.Rc3 Nxb3 33.Nxb3 Bxe3 34.Rxe3 Bxb3 35.Ne2 Bc4 36.Nd4 Rb1+
37.Re1 Rxa1 38.Rxa1 Bd3 39.e5 dxe5 40.fxe5 Rb4 41.Nf3 Be2 42.Kh2 Bxf3 43.gxf3 Rxh4+
44.Kg3 g5 45.Ra5 Rd4 46.Ra1 Kg7  0-1

[Event "MTO"]
[Site "Biel SUI"]
[Date "2004.07.28"]
[Round "9"]
[White "Negi,P"]
[Black "Thorfinnsson,Br"]
[Result "0-1"]
[WhiteElo "2273"]
[BlackElo "2431"]

1.e4 c5 2.Nf3 d6 3.d4 cxd4 4.Nxd4 Nf6 5.Nc3 a6 6.Bc4 e6 7.Bb3 b5 8.O-O Be7
9.Qf3 Qc7 10.Qg3 Nc6 11.Nxc6 Qxc6 12.Re1 Bb7 13.a3 Rd8 14.f3 O-O 15.Bh6 Ne8
16.Rad1 Kh8 17.Bg5 Bf6 18.Bxf6 Nxf6 19.Rd2 Rd7 20.Red1 Rfd8 21.Kh1 Qc5 22.Qh4 h6
23.Ne2 a5 24.c3 b4 25.cxb4 axb4 26.a4 Qe5 27.Qg3 Qc5 28.Rc2 Qe5 29.Nd4 Nh5
30.Qe1 d5 31.exd5 Qxe1+ 32.Rxe1 Bxd5 33.Bxd5 Rxd5 34.Nc6 b3 35.Rcc1 Ra8 36.a5 Rd2
37.Ra1 Rxb2 38.a6 Rd2 39.a7 b2 40.Ra6 Rc2 41.Rg1 Rc1 42.Rb6 Kh7 43.Nd4 Rxa7
44.Rxb2 Raa1 45.Ne2 Re1 46.g3 Nf6 47.Kg2 Rxg1+ 48.Nxg1 Nd5 49.Kf2 Kg6 50.Ne2 Kf6
51.Rd2 g5 52.Rb2 h5 53.h3 Ra3 54.Rd2 Nb4 55.Rd4 Nc6 56.Rc4 Rxf3+  0-1

[Event "MTO"]
[Site "Biel SUI"]
[Date "2004.07.29"]
[Round "10"]
[White "Konguvel,P"]
[Black "Negi,P"]
[Result "1/2-1/2"]
[WhiteElo "2398"]
[BlackElo "2273"]

1.e4 c5 2.Nf3 e6 3.d4 cxd4 4.Nxd4 a6 5.Bd3 Qc7 6.O-O Nf6 7.Qe2 d6 8.c4 g6
9.Nc3 Bg7 10.Nf3 Nc6 11.Rd1 O-O 12.h3 Nd7 13.Be3 b6 14.Rac1 Bb7 15.b3 Nce5
16.Bb1 Nxf3+ 17.Qxf3 f5 18.Qg3 Ne5 19.f4 Nd7 20.Qf2 Nc5 21.exf5 gxf5 22.b4 Ne4
23.Nxe4 fxe4 24.Bxb6 Qc6 25.Re1 e5 26.Bxe4 Qd7 27.Bxb7 Qxb7 28.f5 Rab8 29.c5 d5
30.g4 h6 31.a4 Qc6 32.Qa2 Kh8 33.b5 axb5 34.a5 Rf7 35.a6 Rd7 36.a7 Ra8 37.Rcd1 e4
38.Qb3 Bf8 39.Kg2 Kh7 40.Qe3 Bg7 41.Qf4 b4 42.f6 Qxf6 43.Qxf6 Bxf6 44.Rxe4 Rdxa7
45.Rxd5 Ra2+ 46.Kf3 R8a3+ 47.Re3 Rxe3+ 48.Kxe3 b3 49.c6 Rc2 50.c7 b2 51.Rb5 Kg6
52.Ke4 Kf7 53.Bd4 Rc4 54.c8=Q Rxc8 55.Bxf6 Kxf6 56.Rxb2 Rc4+ 57.Kd5 Rc3 58.h4 Rh3
59.Rb6+ Kg7 60.h5 Rg3 61.Rg6+ Kh7 62.Ke5 Rg1 63.Kf6 Rf1+ 64.Ke7 Re1+ 65.Re6 Rg1
66.Re4 Kg7 67.Ke6 Rg2 68.Rf4 Re2+ 69.Kf5 Ra2 70.Re4 Rf2+ 71.Ke6 Rg2 72.Rd4 Re2+
73.Kf5 Rf2+ 74.Ke5 Re2+ 75.Kf4 Rf2+ 76.Ke3 Rf1 77.Rd7+ Rf7 78.Rd6 Rf6 79.Rd5 Rf1
80.Rd7+ Rf7 81.Rd1 Re7+ 82.Kf4 Rf7+ 83.Ke5 Re7+ 84.Kf5 Rf7+ 85.Ke6 Rf4 86.Rd7+ Kg8  1/2-1/2

[Event "MTO"]
[Site "Biel SUI"]
[Date "2004.07.30"]
[Round "11"]
[White "Negi,P"]
[Black "Rukavina,J"]
[Result "1/2-1/2"]
[WhiteElo "2273"]
[BlackElo "2428"]

1.e4 g6 2.d4 Bg7 3.Nc3 c6 4.Nf3 d6 5.Bg5 Qb6 6.a3 Bg4 7.Be3 Nf6 8.Bc4 O-O
9.Bb3 Qa5 10.h3 Bxf3 11.Qxf3 Nbd7 12.O-O e6 13.Qg3 d5 14.e5 Ne8 15.f4 Nc7
16.h4 b6 17.h5 c5 18.Qh4 Nb5 19.Bd2 Nxc3 20.Bxc3 Qb5 21.a4 Qc6 22.Rf3 a5
23.Rh3 Rfe8 24.hxg6 hxg6 25.dxc5 Qxc5+ 26.Qf2 Qxf2+ 27.Kxf2 Nc5 28.Bd4 Rac8
29.Rc1 Rc7 30.Ke2 Rb8 31.Rc3 Rcc8 32.g4 Bh6 33.Rf1 Bf8 34.f5 Nxb3 35.cxb3 Rxc3
36.bxc3 Be7 37.f6 Bf8 38.Kd3 Bc5 39.g5 Rc8 40.Rb1 Kf8 41.Rh1 Ke8 42.Rh8+ Kd7
43.Rxc8 Kxc8 44.Bxc5 bxc5 45.c4  1/2-1/2

[Event "Open"]
[Site "Pune IND"]
[Date "2004.09.06"]
[Round "4"]
[White "Laxman,R"]
[Black "Negi,P"]
[Result "0-1"]
[WhiteElo "2417"]
[BlackElo "2273"]

1.Nf3 Nf6 2.c4 e6 3.Nc3 Bb4 4.Qc2 c5 5.a3 Bxc3 6.Qxc3 O-O 7.b4 b6 8.Bb2 d6
9.e3 e5 10.Be2 Bb7 11.b5 Nbd7 12.d3 Qe7 13.e4 Ne8 14.O-O f5 15.exf5 Rxf5
16.Ne1 Nc7 17.Qd2 Raf8 18.Bg4 Rf4 19.Bxd7 Qxd7 20.f3 Ne6 21.Qe2 R8f6 22.Bc1 Nd4
23.Qf2 Rxf3 24.Nxf3 Rxf3 25.gxf3 Nxf3+ 26.Qxf3 Bxf3 27.Kf2 Qh3 28.Ke1 Qg2
29.Rf2 Qg1+ 30.Rf1 Qd4 31.Ra2 Qxd3 32.Kf2 Qxc4 33.Rd2 d5 34.Bb2 Qf4 35.Bc1 e4
36.Bb2 Qxh2+ 37.Ke1 Qg3+  0-1

[Event "Open"]
[Site "Pune IND"]
[Date "2004.09.07"]
[Round "5"]
[White "Negi,P"]
[Black "Vakhidov,T"]
[Result "1/2-1/2"]
[WhiteElo "2273"]
[BlackElo "2504"]

1.e4 e5 2.Nf3 Nc6 3.Bc4 Nf6 4.d4 exd4 5.e5 d5 6.Bb5 Ne4 7.Nxd4 Bd7 8.Bxc6 bxc6
9.O-O Bc5 10.f3 Ng5 11.f4 Ne4 12.Be3 Bb6 13.Nd2 Nxd2 14.Qxd2 c5 15.Ne2 d4
16.Bf2 O-O 17.c4 f6 18.Bh4 Qe8 19.exf6 Qh5 20.g3 Rae8 21.Rae1 Bh3 22.fxg7 Kxg7
23.Rf2 Re3 24.f5 Rfe8 25.Be7 Bxf5 26.Nf4 Qf7 27.Nd5 R8xe7 28.Nxe3 dxe3 29.Rxe3 Rxe3
30.Qxe3 Qe6 31.Qf4 Bd3 32.Qf8+ Kg6 33.h4 h5 34.Qf4 Qe1+ 35.Kh2 Qe7 36.Qf3 Bb1
37.Re2 Qf6 38.Qe3 Bf5 39.Rf2 c6 40.Qe8+ Kh6 41.Qe3+ Kg6 42.Qe8+ Kh6 43.Qe3+ Kg6
44.Qf4 Bd8 45.Qe3 Bb6 46.Qe8+ Kh6 47.Qe3+ Kg7 48.Qf4 Kg6 49.g4  1/2-1/2

[Event "WYb12"]
[Site "Heraklio GRE"]
[Date "2004.11.05"]
[Round "2"]
[White "Postolachi,V"]
[Black "Negi,P"]
[Result "0-1"]
[WhiteElo "1956"]
[BlackElo "2267"]

1.e4 c5 2.Nf3 e6 3.d4 cxd4 4.Nxd4 a6 5.Nc3 Qc7 6.Be2 Nc6 7.Be3 Nf6 8.O-O Bb4
9.Bd3 Ne5 10.Nce2 d5 11.Ng3 Neg4 12.Bc1 dxe4 13.Bxe4 Nxh2 14.Kxh2 Nxe4 15.Qg4 f5
16.Qf3 Bd6 17.Ne2 b5 18.Kh1 Bb7 19.Nxe4 Bxe4 20.Qb3 Bd5 21.Qc3 Qb7 22.Rd1 Rc8
23.Qd3 Rd8 24.Bg5 Rd7 25.Qh3 O-O 26.Nf4 Be5 27.c3 b4 28.Nxd5 Rxd5 29.Rxd5 Qxd5
30.Be7 bxc3 31.bxc3 Rc8 32.Rc1 Rxc3 33.Qxc3 Bxc3 34.Rxc3 Qxa2 35.Ra3 Qb1+
36.Kh2 Qb7 37.Bh4 Qb4  0-1

[Event "WYb12"]
[Site "Heraklio GRE"]
[Date "2004.11.07"]
[Round "5"]
[White "Negi,P"]
[Black "Grizenko,A"]
[Result "1-0"]
[WhiteElo "2267"]
[BlackElo "2168"]

1.e4 c5 2.Nf3 e6 3.d4 cxd4 4.Nxd4 a6 5.Bd3 Bc5 6.Nb3 Be7 7.O-O d6 8.Nc3 b6
9.f4 Nd7 10.Qf3 Bb7 11.Bd2 Ngf6 12.Rae1 g6 13.Qh3 O-O 14.e5 Nh5 15.exd6 Bxd6
16.Ne4 Be7 17.Bc3 Ndf6 18.Ng5 Bc8 19.Be5 h6 20.Ne4 Nd7 21.g4 Nhf6 22.Qxh6 Nxe5
23.fxe5 Nxg4 24.Qf4 f5 25.exf6 Nxf6 26.Qg3 Rf7 27.Ng5 Rg7 28.Bc4 Nh5 29.Nxe6 Bxe6
30.Bxe6+ Kh7 31.Qf3 Ra7 32.Rd1 Qb8 33.Kh1 Bf6 34.Rd5 Be5 35.Re1 Nf4 36.Rdxe5 Nxe6
37.Rxe6 Rgf7 38.Qh3+ Kg7 39.Re8 Qb7+ 40.Kg1 Rf8 41.Rxf8 Kxf8 42.Qh8+ Kf7
43.Rf1+ Ke6 44.Qe8+ Qe7 45.Re1+ Kd6 46.Rxe7 Rxe7 47.Qf8 Ke6 48.Nd4+ Kd7 49.Qb8 b5
50.Qb7+ Ke8 51.Qxa6 b4 52.Qb5+ Kf7 53.Qxb4 g5 54.Qc4+ Kf6 55.Nc6 Re6 56.a4 g4
57.Qf4+ Kg6 58.Ne5+  1-0

[Event "WYb12"]
[Site "Heraklio GRE"]
[Date "2004.11.08"]
[Round "6"]
[White "Jorczik,J"]
[Black "Negi,P"]
[Result "0-1"]
[WhiteElo "2037"]
[BlackElo "2267"]

1.d4 d5 2.c4 e6 3.Nc3 c6 4.Nf3 dxc4 5.a4 Bb4 6.e4 b5 7.Bd2 a5 8.axb5 Bxc3
9.Bxc3 cxb5 10.b3 Nf6 11.Ne5 Bb7 12.bxc4 b4 13.Bb2 Bxe4 14.f3 Bb7 15.Bd3 O-O
16.O-O Nc6 17.Rf2 Nxe5 18.dxe5 Nd7 19.Qc2 g6 20.Rd1 Qc7 21.f4 Nc5 22.Be2 Rfd8
23.Rd4 a4 24.f5 exf5 25.Rh4 a3 26.Bd4 Rxd4 27.Rxd4 a2  0-1

[Event "WYb12"]
[Site "Heraklio GRE"]
[Date "2004.11.10"]
[Round "8"]
[White "Negi,P"]
[Black "Ding,L"]
[Result "1/2-1/2"]
[WhiteElo "2267"]
[BlackElo "2231"]

1.e4 e6 2.d4 d5 3.Nd2 Nf6 4.e5 Nfd7 5.Bd3 c5 6.c3 b6 7.Ne2 Ba6 8.Bxa6 Nxa6
9.O-O Nc7 10.f4 g6 11.dxc5 Bxc5+ 12.Kh1 O-O 13.Nf3 b5 14.Ned4 Nb8 15.Be3 Qd7
16.f5 exf5 17.Nxf5 Bxe3 18.Nxe3 Nc6 19.Qe1 Rae8 20.Qg3 f5 21.Nd4 Kh8 22.Nxc6 Qxc6
23.Nc2 Qc4  1/2-1/2

[Event "WYb12"]
[Site "Heraklio GRE"]
[Date "2004.11.11"]
[Round "9"]
[White "Pak,E"]
[Black "Negi,P"]
[Result "0-1"]
[WhiteElo "2235"]
[BlackElo "2267"]

1.d4 d5 2.c4 e6 3.Nf3 c6 4.e3 f5 5.Bd3 Nf6 6.O-O Bd6 7.b3 Qe7 8.Bb2 O-O 9.Qc1 b6
10.Ba3 Bxa3 11.Qxa3 Qxa3 12.Nxa3 a5 13.Ne5 Nfd7 14.Nxd7 Nxd7 15.f3 Bb7 16.Rae1 Rad8
17.e4 dxe4 18.fxe4 e5 19.d5 Nc5 20.Bc2 fxe4 21.Rxf8+ Kxf8 22.Bxe4 Nxe4 23.Rxe4 cxd5
24.Rxe5 d4 25.Nb1 Re8 26.Rxe8+ Kxe8 27.Nd2 Ke7 28.Kf2 Kd6 29.g3 Ke5 30.Ke2 g5
31.h3 h5 32.a3 g4 33.hxg4 hxg4 34.Kd3 Bc8 35.c5 Ba6+ 36.Kc2 bxc5 37.Kd1 a4
38.bxa4 c4 39.Kc2 Kd5 40.a5 Bb5 41.Nf1 c3 42.Nh2 Be2 43.a4 Kc4 44.a6 d3+  0-1

[Event "WYb12"]
[Site "Heraklio GRE"]
[Date "2004.11.12"]
[Round "10"]
[White "Liu Qingnan"]
[Black "Negi,P"]
[Result "1/2-1/2"]
[WhiteElo "2320"]
[BlackElo "2267"]

1.e4 c5 2.Nf3 e6 3.c4 Nc6 4.Nc3 Nf6 5.d4 cxd4 6.Nxd4 Bb4 7.Nxc6 bxc6 8.Bd3 e5
9.O-O Bc5 10.b3 d6 11.Bb2 Bd4 12.Qd2 a5 13.Na4 c5 14.Bxd4 cxd4 15.c5 dxc5
16.Nxc5 O-O 17.Rac1 Qe7 18.Na4 Qd6 19.Rc5 Bb7 20.f3 Nh5 21.g3 Bc6 22.Rxa5 Rxa5
23.Qxa5 Ra8 24.Qb6 Qg6 25.Rc1 Bxa4 26.Qxg6 fxg6 27.bxa4 Rxa4 28.Rc5 Kf7 29.Rxe5 Nf6
30.Rc5 Ke7 31.e5 Nd7 32.Rc7 Ra5 33.f4 Kd8 34.Rc4 Rxa2 35.Rxd4 Ke7 36.Bb5 Nc5
37.Rc4 Ne6 38.Ra4 Rxa4 39.Bxa4 g5 40.f5 Nd4 41.Kf2 Nxf5 42.Kf3 g6 43.Ke4 Ke6
44.Bb3+ Ke7 45.Bg8 h5 46.Bc4 Ng7 47.Kd5 Nf5 48.Ke4 Ng7 49.Bg8 Nf5 50.Bb3 Ng7
51.Bc4 Nf5 52.Bg8  1/2-1/2

[Event "WYb12"]
[Site "Heraklio GRE"]
[Date "2004.11.13"]
[Round "11"]
[White "Negi,P"]
[Black "Ter Sahakyan,S"]
[Result "1-0"]
[WhiteElo "2267"]
[BlackElo "2125"]

1.e4 c5 2.Nf3 d6 3.d4 cxd4 4.Nxd4 Nf6 5.Nc3 Nc6 6.Bc4 Qb6 7.Nb3 e6 8.O-O a6
9.Be3 Qc7 10.f4 Be7 11.Bd3 b5 12.Qf3 Bb7 13.Qh3 O-O 14.g4 Rfe8 15.e5 dxe5
16.g5 Nb4 17.gxf6 Nxd3 18.cxd3 exf4 19.Bxf4 e5 20.Bh6 Bf8 21.Bxg7  1-0

[Event "Corus C"]
[Site "Wijk aan Zee NED"]
[Date "2005.01.15"]
[Round "1"]
[White "Alekseev,Evgeny"]
[Black "Negi,P"]
[Result "1-0"]
[WhiteElo "2605"]
[BlackElo "2316"]

1.e4 c5 2.Nf3 d6 3.d4 cxd4 4.Nxd4 Nf6 5.Nc3 a6 6.Be3 e5 7.Nb3 Be6 8.f4 Ng4
9.Bd2 exf4 10.Bxf4 Nc6 11.Be2 Nge5 12.Qd2 Na5 13.Nd5 Nac4 14.Bxc4 Nxc4 15.Qd4 Rc8
16.O-O f6 17.Qf2 Be7 18.Nd4 Bxd5 19.exd5 Qb6 20.b3 Ne5 21.Be3 Qa5 22.Nf5 Kf7
23.Qg3 g6 24.Nxe7 Kxe7 25.c4 Rhf8 26.Bd4 Qd2 27.Rad1 Qg5 28.Qh3 Qg4 29.Qxh7+ Rf7
30.Qh6 Kd7 31.h3 Qe4 32.Bxe5 dxe5 33.Rxf6 Rcf8 34.Rxf7+ Rxf7 35.Qd2 b6 36.Re1 Qf5
37.Qe3  1-0

[Event "Corus C"]
[Site "Wijk aan Zee NED"]
[Date "2005.01.16"]
[Round "2"]
[White "Negi,P"]
[Black "Bosboom Lanchava,T"]
[Result "1-0"]
[WhiteElo "2316"]
[BlackElo "2366"]

1.e4 d6 2.d4 g6 3.Nc3 Bg7 4.Bg5 a6 5.Nf3 Nd7 6.Qd2 b5 7.a4 b4 8.Nd5 c5 9.Bc4 Nb6
10.Nxb6 Qxb6 11.Be3 Bb7 12.dxc5 dxc5 13.O-O-O Nf6 14.e5 O-O 15.exf6 Qxf6
16.c3 bxc3 17.bxc3 Qb6 18.Qc2 Qa5 19.Kd2 Bc6 20.Ke2 Bxc3 21.Bd2 Bxd2 22.Rxd2 Rab8
23.Ra1 Rb4 24.Ne5 Bxa4 25.Qc3 Qc7 26.Nxf7 Rxf7 27.Bxf7+ Kf8 28.Bd5  1-0

[Event "Corus C"]
[Site "Wijk aan Zee NED"]
[Date "2005.01.18"]
[Round "4"]
[White "Pliester,L"]
[Black "Negi,P"]
[Result "1/2-1/2"]
[WhiteElo "2383"]
[BlackElo "2316"]

1.d4 d5 2.Nf3 c6 3.Nbd2 Nf6 4.e3 e6 5.Ne5 Bd6 6.Bd3 O-O 7.b3 b6 8.Bb2 Bb7
9.O-O c5 10.Qe2 Nc6 11.f4 Nb4 12.f5 Nxd3 13.cxd3 exf5 14.Rxf5 cxd4 15.Bxd4 Bc5
16.Raf1 Bxd4 17.exd4 Qe7 18.Qf2 Bc8 19.Rf4 Be6 20.Qh4 Rae8 21.Ndf3 h6 22.Nc6 Qd6
23.Nfe5 Nd7 24.Nxd7 Bxd7 25.Ne5 f6 26.Ng6 Rf7 27.Ne5 Rff8 28.Ng6 Rf7 29.Ne5  1/2-1/2

[Event "Corus C"]
[Site "Wijk aan Zee NED"]
[Date "2005.01.20"]
[Round "5"]
[White "Negi,P"]
[Black "Bosboom,M"]
[Result "1/2-1/2"]
[WhiteElo "2316"]
[BlackElo "2426"]

1.e4 e5 2.Nf3 d6 3.d4 Qe7 4.Nc3 c6 5.a4 a5 6.Be2 h6 7.Be3 Nf6 8.O-O Ng4 9.Bc1 Na6
10.b3 Nb4 11.Bb2 h5 12.h3 g6 13.dxe5 dxe5 14.Nb1 f5 15.Nbd2 fxe4 16.Nxe4 Bf5
17.Bd3 O-O-O 18.Qe2 Nd5 19.g3 h4 20.hxg4 Bxg4 21.Neg5 Bg7 22.Bxe5 Rde8 23.Bxg7 Qxg7
24.Qd2 hxg3 25.fxg3 Ne3 26.Rfe1 Bxf3 27.Nxf3 Rh3 28.Qf2 Qh6 29.Nh2 Qg5 30.Nf1 Qd5
31.Nh2 Qg5 32.Nf1 Qd5 33.Nh2 Qg5  1/2-1/2

[Event "Corus C"]
[Site "Wijk aan Zee NED"]
[Date "2005.01.21"]
[Round "6"]
[White "Muhren,B"]
[Black "Negi,P"]
[Result "1-0"]
[WhiteElo "2295"]
[BlackElo "2316"]

1.e4 c5 2.Nf3 e6 3.d4 cxd4 4.Nxd4 a6 5.Nc3 Qc7 6.Bd3 Nf6 7.f4 d6 8.O-O b5
9.Nf3 Bb7 10.e5 dxe5 11.fxe5 Ng4 12.Qe2 Nd7 13.Bf4 Rd8 14.Ng5 Ndxe5 15.Kh1 Bd6
16.Be4 Bxe4 17.Ncxe4 Qc4 18.Qxc4 Nxc4 19.Nxd6+ Nxd6 20.Bxd6 f6 21.Bc7 Rc8
22.Nxe6 Kf7 23.Rae1 Rce8 24.Ng5+ Kg6 25.Nf3 Ne3 26.Rf2 Nd5 27.Bg3 Rc8 28.a3 Rc6
29.Re4 Nb6 30.Rg4+ Kh5 31.Rxg7 Rd8 32.h3 Nc4 33.Nh4 f5 34.Rxh7+  1-0

[Event "Corus C"]
[Site "Wijk aan Zee NED"]
[Date "2005.01.22"]
[Round "7"]
[White "Negi,P"]
[Black "Mamedjarova,Z"]
[Result "1-0"]
[WhiteElo "2316"]
[BlackElo "2349"]

1.e4 e5 2.Nf3 Nf6 3.Nxe5 d6 4.Nf3 Nxe4 5.Nc3 Nxc3 6.dxc3 Be7 7.Bf4 O-O 8.Qd2 Nd7
9.O-O-O Nc5 10.Nd4 Ne6 11.Be3 Nxd4 12.cxd4 c6 13.f3 Be6 14.Kb1 b5 15.Bd3 Rb8
16.g4 b4 17.h4 Qa5 18.b3 Qc7 19.g5 a5 20.h5 a4 21.g6 axb3 22.cxb3 Bf6 23.Rdg1 Ra8
24.h6 fxg6 25.hxg7 Qxg7 26.Qc2 Be7 27.Bh6 Qf6 28.Bxg6 hxg6 29.Rxg6+ Kf7 30.Rxf6+ Kxf6
31.Bg7+ Kf7 32.Bxf8 Rxf8 33.Rh7+ Ke8 34.Qxc6+ Kd8 35.Kb2 Rg8 36.Rh2 Bd7 37.Qa8+ Bc8
38.Rc2 Kd7 39.Qc6+  1-0

[Event "Corus C"]
[Site "Wijk aan Zee NED"]
[Date "2005.01.25"]
[Round "9"]
[White "Negi,P"]
[Black "Spoelman,W"]
[Result "1/2-1/2"]
[WhiteElo "2316"]
[BlackElo "2381"]

1.e4 c5 2.Nf3 d6 3.d4 cxd4 4.Nxd4 Nf6 5.Nc3 a6 6.Bc4 e6 7.Bb3 Nbd7 8.f4 Nc5
9.f5 e5 10.Nde2 Nxb3 11.axb3 d5 12.Bg5 d4 13.Nd5 Be7 14.Nxe7 Qxe7 15.c3 O-O
16.O-O Rd8 17.cxd4 exd4 18.Nf4 h6 19.Bh4 Qxe4 20.Bxf6 gxf6 21.Nh5 Qe3+ 22.Kh1 Qg5
23.Rf4 Bxf5 24.h4 Qg6 25.Qf3 Be6 26.Nxf6+ Kh8 27.h5 Qg7 28.Qd3 Rd6 29.Raf1 Bd7
30.R1f3 Bb5 31.Qd2 Bc6 32.Rf2 Rad8 33.Rg4 Qxf6 34.Rxf6 Rxf6 35.Rxd4 Rg8 36.Rd8 Re6
37.Rxg8+ Kxg8 38.Kg1 Kg7 39.Qd4+ Kh7 40.Qf4 Kg7 41.g4 Bb5 42.Qg3 b6 43.Qf4 Re1+
44.Kg2 Re2+ 45.Kg3 Re6 46.Kh4 Rc6 47.Qe5+ Kh7 48.Qd4 Re6 49.Qb4 Kg7 50.Qc3+ Kh7
51.Kg3 Rc6 52.Qd4 Re6 53.Qd8 Kg7 54.Qd4+ Kh7 55.Qd8 Kg7 56.Qd4+  1/2-1/2

[Event "Corus C"]
[Site "Wijk aan Zee NED"]
[Date "2005.01.26"]
[Round "10"]
[White "Wempe,Jo"]
[Black "Negi,P"]
[Result "0-1"]
[WhiteElo "2265"]
[BlackElo "2316"]

1.d4 Nf6 2.c4 e6 3.Nf3 b6 4.e3 Bb7 5.Bd3 d5 6.O-O Bd6 7.b3 O-O 8.Bb2 Nbd7
9.Nc3 a6 10.Rc1 Qe7 11.Na4 Ne4 12.Qc2 f5 13.cxd5 Bxd5 14.Qe2 f4 15.Nc3 Nxc3
16.Bxc3 Bb7 17.e4 e5 18.Rfd1 exd4 19.Nxd4 Ne5 20.f3 Bc8 21.Bc4+ Kh8 22.Bd5 Rb8
23.Nc6 Nxc6 24.Bxc6 a5 25.Kh1 Be6 26.Qb2 Rbd8 27.a3 Bxa3 28.Bxg7+ Qxg7 29.Qxa3 Rg8
30.Rg1 Rd2 31.g4 fxg3 32.Rxg3 Rxh2+  0-1

[Event "Corus C"]
[Site "Wijk aan Zee NED"]
[Date "2005.01.28"]
[Round "11"]
[White "Negi,P"]
[Black "Jonkman,H"]
[Result "1-0"]
[WhiteElo "2316"]
[BlackElo "2399"]

1.e4 e5 2.Nf3 Nc6 3.Bb5 a6 4.Ba4 Nf6 5.O-O b5 6.Bb3 Be7 7.Re1 O-O 8.d4 d6
9.c3 Bg4 10.d5 Na5 11.Bc2 Nc4 12.h3 Bd7 13.a4 c6 14.b3 Na5 15.Nxe5 dxe5 16.d6 c5
17.Ba3 Re8 18.dxe7 Qxe7 19.Nd2 Nc6 20.Bd3 b4 21.cxb4 cxb4 22.Bb2 Red8 23.Nc4 Ra7
24.Qf3 Bc8 25.Rad1 Nd4 26.Qg3 Rad7 27.Qxe5 Ne6 28.Bc2 Bb7 29.Rxd7 Rxd7 30.Qg3 Nh5
31.Qg4 g6 32.Rd1 Rxd1+ 33.Qxd1 Nhf4 34.Kh2 g5 35.g3 Ng6 36.Nd6 Bc6 37.Nf5 Qc5
38.Nd4 Ne5 39.Nxe6 fxe6 40.Kg2 h6 41.Bb1  1-0

[Event "Corus C"]
[Site "Wijk aan Zee NED"]
[Date "2005.01.29"]
[Round "12"]
[White "Zhukova,N"]
[Black "Negi,P"]
[Result "1-0"]
[WhiteElo "2465"]
[BlackElo "2316"]

1.d4 d5 2.c4 e6 3.Nf3 c6 4.Qc2 Bd6 5.Bg5 Ne7 6.e3 Nd7 7.Nc3 f6 8.Bh4 Nf5
9.Bg3 Nxg3 10.hxg3 f5 11.cxd5 cxd5 12.Bd3 Nf6 13.Nb5 Bb4+ 14.Ke2 O-O 15.a3 Ba5
16.Rh4 Bd7 17.Nc3 Rc8 18.Qb3 Bxc3 19.bxc3 Ne4 20.Bxe4 fxe4 21.Ne5 Be8 22.Rah1 h6
23.Rf4 Qa5 24.Kd2 Bb5 25.Rb1 a6 26.Qb4 Qxb4 27.Rxb4 Rc7 28.Rxf8+ Kxf8 29.g4 Ke7
30.Rb1 Kf6 31.Rh1 Rc8 32.f3 exf3 33.gxf3 Be8 34.f4 Rd8 35.Rb1 b5 36.Rg1 g6
37.g5+ Kg7 38.gxh6+ Kxh6 39.Nf3 Kg7 40.Ng5 Bf7 41.Rh1 Bg8 42.Rh7+ Bxh7 43.Nxe6+ Kf6
44.Nxd8 Bg8 45.Ke2 g5 46.Kf3 Kf5 47.fxg5 Kxg5 48.e4 dxe4+ 49.Kxe4 Kf6 50.d5 Ke7
51.Nb7 Kd7 52.Ke5 Kc7 53.Nc5 a5 54.Ne6+ Kb6 55.Kd6  1-0

[Event "7th Open"]
[Site "Dubai UAE"]
[Date "2005.04.06"]
[Round "3"]
[White "Negi,P"]
[Black "Kassis,A"]
[Result "1-0"]
[WhiteElo "2349"]
[BlackElo "2196"]

1.e4 c5 2.Nf3 e6 3.d4 cxd4 4.Nxd4 Nf6 5.Nc3 Nc6 6.Nxc6 bxc6 7.e5 Nd5 8.Ne4 Qc7
9.f4 Rb8 10.Bd3 Ba6 11.c4 Bb4+ 12.Ke2 f5 13.Nd6+ Bxd6 14.exd6 Nxf4+ 15.Bxf4 Rxb2+
16.Kf3 Qb6 17.Qe1 c5 18.Kg3 g5 19.Be5 f4+ 20.Kf3 g4+ 21.Kxf4 Rxg2 22.Be4 Rf8+
23.Ke3 Rxa2 24.Rxa2 Qb3+ 25.Bc3 Qxa2 26.Qh4 Rf7 27.Bg6 hxg6 28.Rf1  1-0

[Event "7th Open"]
[Site "Dubai UAE"]
[Date "2005.04.07"]
[Round "4"]
[White "Kuzubov,Y"]
[Black "Negi,P"]
[Result "1/2-1/2"]
[WhiteElo "2558"]
[BlackElo "2349"]

1.d4 Nf6 2.c4 e6 3.Nf3 b6 4.a3 Bb7 5.Nc3 d5 6.cxd5 Nxd5 7.Qc2 Be7 8.e4 Nxc3
9.bxc3 O-O 10.Bd3 c5 11.O-O Qc8 12.Qe2 Ba6 13.Bf4 Bxd3 14.Qxd3 Qa6 15.Qxa6 Nxa6
16.Rfd1 Rfd8 17.Kf1 Rac8 18.Ke2  1/2-1/2

[Event "7th Open"]
[Site "Dubai UAE"]
[Date "2005.04.09"]
[Round "6"]
[White "Srinath,N"]
[Black "Negi,P"]
[Result "0-1"]
[WhiteElo "2045"]
[BlackElo "2349"]

1.e4 c5 2.Nf3 e6 3.d4 cxd4 4.Nxd4 a6 5.c4 Nf6 6.Nc3 Bb4 7.Qd3 Nc6 8.Nxc6 dxc6
9.Qxd8+ Kxd8 10.e5 Ne4 11.Bd2 Bxc3 12.Bxc3 Nxc3 13.bxc3 b6 14.O-O-O+ Kc7
15.g3 Bb7 16.Bg2 Rad8 17.Kc2 Rd7 18.Rxd7+ Kxd7 19.Rd1+ Kc7 20.Kb3 g5 21.Rd3 g4
22.Rd4 c5 23.Rf4 Bxg2 24.Rxf7+ Kd8 25.Kc2 Ke8 26.Rg7 Rf8 27.Rxg4 Rxf2+ 28.Kb3 Kf7  0-1

[Event "7th Open"]
[Site "Dubai UAE"]
[Date "2005.04.11"]
[Round "8"]
[White "Mariano,N1"]
[Black "Negi,P"]
[Result "1/2-1/2"]
[WhiteElo "2468"]
[BlackElo "2349"]

1.e4 c5 2.Nc3 Nc6 3.Nge2 e6 4.g3 d5 5.exd5 exd5 6.Bg2 d4 7.Nd5 Nge7 8.Nef4 Nxd5
9.Nxd5 Bd6 10.d3 O-O 11.O-O Be6 12.Nf4 Bxf4 13.Bxf4 Bd5 14.Qh5 Nb4 15.a3 Bxg2
16.Kxg2 Qd5+ 17.Qxd5 Nxd5  1/2-1/2

[Event "Masters"]
[Site "Abu Dhabi UAE"]
[Date "2005.08.14"]
[Round "1"]
[White "Mansour,A"]
[Black "Negi,P"]
[Result "0-1"]
[WhiteElo "2018"]
[BlackElo "2376"]

1.e4 c5 2.Nf3 e6 3.c3 Nf6 4.e5 Nd5 5.d4 cxd4 6.cxd4 d6 7.Nc3 Nxc3 8.bxc3 Qc7
9.Bb2 Nd7 10.exd6 Bxd6 11.Bd3 b6 12.Qe2 Bb7 13.Be4 Bxe4 14.Qxe4 O-O 15.O-O Nf6
16.Qe2 Rac8 17.g3 Qc4 18.Rfe1 b5 19.a4 b4 20.Qxc4 Rxc4 21.cxb4 Bxb4 22.Rec1 Rfc8
23.Rxc4 Rxc4 24.Rc1 Rxc1+ 25.Bxc1 Nd5 26.Ne5 Bc3 27.Nc6 a6 28.Ba3 Nb6 29.a5 Nc4
30.Bb4 Bxb4 31.Nxb4 Nxa5 32.Nxa6 Nc6 33.d5 exd5 34.Nc7 d4 35.Kf1 g6 36.Ke2 Kg7
37.Kd3 Kf6 38.f4 Kf5 39.h3 h6 40.Nb5 h5 41.Nd6+ Ke6 42.Ne4 f6 43.g4 hxg4
44.hxg4 f5 45.Ng5+ Kf6 46.Nf3 fxg4 47.Nxd4 Nxd4 48.Kxd4 Kf5 49.Ke3 g3 50.Kf3 g2
51.Kxg2 Kxf4 52.Kf2 g5  0-1

[Event "Masters"]
[Site "Abu Dhabi UAE"]
[Date "2005.08.16"]
[Round "3"]
[White "Ghader Pour,S"]
[Black "Negi,P"]
[Result "0-1"]
[WhiteElo "2109"]
[BlackElo "2376"]

1.e4 c5 2.c3 d5 3.exd5 Qxd5 4.d4 Nf6 5.Nf3 Bg4 6.Be2 e6 7.h3 Bh5 8.O-O Nc6
9.Be3 cxd4 10.cxd4 Bd6 11.Nc3 Qa5 12.a3 O-O 13.b4 Qd8 14.Qb3 h6 15.Na4 Nd5
16.Nc5 b6 17.Nd3 Nce7 18.Nde5 f6 19.Nc4 b5 20.Ncd2 f5 21.Nb1 Ng6 22.Ra2 Ngf4
23.Bxf4 Nxf4 24.Bxb5 Qf6 25.Bc6 Rac8 26.Ne5 Ne2+ 27.Rxe2 Bxe2 28.Re1 Bxe5
29.Rxe2 Rxc6 30.dxe5 Qh4 31.Nd2 Rd8 32.Qf3 Rc2 33.Nb3 Rxe2 34.Qxe2 Qe4 35.Qb2 Rd1+
36.Kh2 Qf4+  0-1

[Event "Masters"]
[Site "Abu Dhabi UAE"]
[Date "2005.08.17"]
[Round "4"]
[White "Negi,P"]
[Black "Grigoriants,S RUS"]
[Result "1/2-1/2"]
[WhiteElo "2376"]
[BlackElo "2562"]

1.e4 e5 2.Nf3 Nc6 3.Bb5 a6 4.Ba4 Nf6 5.O-O Be7 6.Re1 b5 7.Bb3 d6 8.c3 O-O
9.d4 Bg4 10.d5 Na5 11.Bc2 Qc8 12.Nbd2 c6 13.b4 Nb7 14.dxc6 Nd8 15.Nf1 Nxc6
16.Ne3 a5 17.Nxg4 Nxg4 18.Bd2 Nf6 19.Bb3 Qb7 20.Bg5 Rfd8 21.Bxf6 Bxf6 22.Qd5 Rac8  1/2-1/2

[Event "Masters"]
[Site "Abu Dhabi UAE"]
[Date "2005.08.20"]
[Round "6"]
[White "Negi,P"]
[Black "Guseinov,G"]
[Result "0-1"]
[WhiteElo "2376"]
[BlackElo "2585"]

1.e4 c5 2.Nf3 d6 3.d4 cxd4 4.Nxd4 Nf6 5.Nc3 g6 6.Be3 Bg7 7.f3 O-O 8.Qd2 Nc6
9.Bc4 Bd7 10.O-O-O Rc8 11.Bb3 Nxd4 12.Bxd4 b5 13.h4 a5 14.Bxf6 Bxf6 15.h5 g5
16.Nd5 a4 17.Nxf6+ exf6 18.Bd5 Rc5 19.a3 Qe7 20.Kb1 h6 21.Rhe1 Rd8 22.Re3 Qe5
23.g4 Rdc8 24.c3 Be6 25.Rd3 Bxd5 26.Rxd5 Qg3 27.Qe3 Rxd5 28.Rxd5 Rc5 29.Rxc5 dxc5
30.Qxc5 Qxf3 31.Qf5 Qd3+ 32.Ka1 Qd1+ 33.Ka2 Kg7 34.Qxb5 Qxg4 35.c4 Qe6 36.Ka1 g4
37.Qb8 Qe5 38.Qb6 g3 39.Qg1 Qf4  0-1

[Event "Masters"]
[Site "Abu Dhabi UAE"]
[Date "2005.08.21"]
[Round "7"]
[White "Ganguly,S"]
[Black "Negi,P"]
[Result "1-0"]
[WhiteElo "2596"]
[BlackElo "2376"]

1.e4 c5 2.Nf3 d6 3.d4 cxd4 4.Nxd4 Nf6 5.Nc3 a6 6.Be2 e5 7.Nb3 Be7 8.O-O O-O
9.Kh1 b6 10.a4 Bb7 11.f3 d5 12.exd5 Nxd5 13.Nxd5 Bxd5 14.Be3 Bxb3 15.cxb3 Nd7
16.Bc4 a5 17.f4 Bf6 18.Qh5 e4 19.Rad1 Qe7 20.Rd2 Nc5 21.Rfd1 g6 22.Qg4 Rad8
23.f5 Kh8 24.h3 Rxd2 25.Rxd2 Rd8 26.Rxd8+ Qxd8 27.Bxf7 Qd7 28.Be6 Qd3 29.Qf4 Qd1+
30.Kh2 g5 31.Qb8+ Kg7 32.Qg8+ Kh6 33.Qf8+ Bg7 34.Bxg5+  1-0